LEADER 01498nam a2200325 a 4500 001 000000124600 003 CaOOAMICUS 005 20110309110031.0 008 110309s2010 gw u000 u eng r 020 $a978-90-481-8765-2 040 $aPUL$bita 245 00$aOn time :$bnew contributions to the Husserlian phenomenology of time /$cedited by Dieter Lohmar and Ichiro Yamaguchi. 260 $aDordrecht :$bSpringer,$c©2010. 300 $axix, 343 p. ;$c24 cm 490 1 $aPhaenomenologica ;$v197 500 $aInclude indice. 504 $aBibliografia in nota. 600 14$aHusserl, Edmund,$d1859-1938$xFenomenologia.$0(OLS)http://pul/subject/36866 650 4$aFenomenologia$xCritica e interpretazione.$0(OLS)http://pul/subject/17511 650 4$aTempo (filosofia)$xCritica e interpretazione.$0(OLS)http://pul/subject/19192 700 1 $aLohmar, Dieter.$0(OLS)http://pul/name/49379 700 1 $aYamaguchi, Ichiro.$0(OLS)http://pul/name/78699 830 0$aPhaenomenologica ;$v197.$0(OLS)http://pul/title/17674 850 $aPUL 852 $aPUL$W1$xSL Filosofia 2$y80$mPhil A5 197$j143486$qStampati Altre Collocazioni$B142515$CPULBib$Z2$F142515 $H115563 $82 941 1 $a10 996 $6020$a978-90-481-8765-2$9(OLS)http://pul/number/146612 996 $6245$aOn time :$bnew contributions to the Husserlian phenomenology of time$9(OLS)http://pul/title/157073 996 $6260$aDordrecht :$bSpringer$9(OLS)http://pul/publisher/77549 LEADER 01142nam a2200289 u 4500 001 000000062019 003 CaOOAMICUS 005 20070226121104.0 008 010918s1999 fr u000 u fre u 020 $a2708234366 035 $a10903429 040 $aPUL$bita 100 1 $aGagey, Henri-Jérôme.$0(OLS)http://pul/name/42294 245 13$aLa nouvelle donne pastorale /$cHenri-Jérôme Gagey. 260 $aParis :$bEditions de l'Atelier,$c1999. 300 $a143 p. ;$c24 cm 504 $a"Sources bibliographiques": p. 139-140. 610 24$aChiesa cattolica$zFrancia.$0(OLS)http://pul/subject/2077 650 4$aTeologia pastorale.$0(OLS)http://pul/subject/1301 850 $aPUL 852 $aPUL$W1$xSL Religione 2$y84$mRH E1 5$j80714$nBK-PRI$b $qStampati altre collocazioni$B80714$CPULBib$Z2$F80714 $H $81 941 1 $a10 960 $aPastorale$91301 961 $aINV: 85451 996 $6020$a2708234366$9(OLS)http://pul/number/80376 996 $6245$aLa nouvelle donne pastorale$9(OLS)http://pul/title/82778 996 $6260$aParis :$bEditions de l'Atelier$9(OLS)http://pul/publisher/70256